| 000 | 00772nam a2200217 i 4500 | ||
|---|---|---|---|
| 001 | 42063 | ||
| 003 | ES-MaACL | ||
| 005 | 20250811030341.0 | ||
| 007 | t| | ||
| 008 | 030312s1975 sp ||||1| spa d | ||
| 100 | 1 |
_aCastán Vázquez, José María. _936393 |
|
| 245 | 1 | 4 |
_aLas primeras ediciones privadas del Código civil (1888-1898) / _cpor José María Vázquez Castán. |
| 260 |
_a[Madrid : _bs.n., _c1975] |
||
| 300 |
_a23 p. ; _c23 cm. |
||
| 595 | _aTirada aparte de: Revista de derecho notarial, n. LXXXIX-XC, jul.-dic. 1975, p. 131-176. | ||
| 610 | 1 | 4 |
_aEspaña. _tCódigo civil, 1889 _93628 |
| 650 | 4 |
_aDerecho- _zEspaña- _vBibliografías. _9171508 |
|
| 650 |
_aCódigo civil- _zEspaña. _9135863 |
||
| 852 |
_aES-MaACL _j2106-F-11 |
||
| 999 |
_c42063 _d42063 |
||